Language Quiz

Random Language or Letter Quiz
Score 0/30 Timer 06:00
0 Plays Today
% Correct
saved
96.8%
stomach
96.6%
swallow
96.5%
sheep
96.5%
strikes
96.5%
same
96.5%
shoulders
96.5%
sooner
96.5%
silver
96.4%
small
96.4%
strong
96.3%
sliced
96.2%
sorry
96.2%
sarcasm
96%
shining
96%
% Correct
sight
96%
steady
96%
scare
96%
scheme
95.3%
sick
95.3%
soul
95.2%
stars
95.2%
silent
95%
sandwiches
94.9%
sails
94.3%
stretch
94%
scenic
93.6%
stitch
93.4%
sink
93.2%
speak
92.4%
Remove Ads.
Support Sporcle.
Get the best of Sporcle when you Go Orange. This ad-free experience offers more features, more stats, and more fun while also helping to support Sporcle. Thank you for becoming a member.

You're not logged in!

Compare scores with friends on all Sporcle quizzes.
OR
Log In

Show Comments

Extras

Top Quizzes Today


Score Distribution

Your Account Isn't Verified!

In order to create a playlist on Sporcle, you need to verify the email address you used during registration. Go to your Sporcle Settings to finish the process.

Report this User

Report this user for behavior that violates our Community Guidelines.

Details: